00574nam a2200193Ia 4500001000900000003000500009005001700014008004100031010001100072040000900083082001400092100002500106245009300131260005700224300001200281503000800293650004100301650003800342dia_1158CHAP20230120105528.0220117s1969 xx 000 0 und d a171705 cCHAP a423.6 R34 aRamondino, Salvatore aThe New World Spanish-English and English-Spanish Dictionary /c by Salvatore Ramondino aNew Jersey, USA :b The New American Library,c1969 a1226 p. aC/e a1.InglésxDiccionariosxEspañol  aEspañolxDiccionariosxInglés